Business and professional communication : keys for workplace excellence
This text presents an exciting new approach to teaching the core concepts and techniques of business and professional communication, and is organized by the sequence readers will face as they transition from student to professional life, giving them the skills they need to move from interviewee to t...
Gardado en:
| Autor Principal: | |
|---|---|
| Formato: | Libro |
| Idioma: | Undetermined |
| Publicado: |
Thousand Oaks, Calif
SAGE
2014
|
| Những chủ đề: | |
| Các nhãn: |
Engadir etiqueta
Sen Etiquetas, Sexa o primeiro en etiquetar este rexistro!
|
| Thư viện lưu trữ: | Trung tâm Học liệu Trường Đại học Cần Thơ |
|---|
| LEADER | 00956nam a2200217Ia 4500 | ||
|---|---|---|---|
| 001 | CTU_196268 | ||
| 008 | 210402s9999 xx 000 0 und d | ||
| 020 | |c 2480000 | ||
| 082 | |a 658.45 | ||
| 082 | |b Q7 | ||
| 100 | |a Quintanilla, Kelly M. | ||
| 245 | 0 | |a Business and professional communication : | |
| 245 | 0 | |b keys for workplace excellence | |
| 245 | 0 | |c Kelly M. Quintanilla, Shawn T. Wahl | |
| 260 | |a Thousand Oaks, Calif | ||
| 260 | |b SAGE | ||
| 260 | |c 2014 | ||
| 520 | |a This text presents an exciting new approach to teaching the core concepts and techniques of business and professional communication, and is organized by the sequence readers will face as they transition from student to professional life, giving them the skills they need to move from interviewee to team member to leader | ||
| 650 | |a Business communication,Giao tiếp thương mại | ||
| 904 | |i Bằng | ||
| 980 | |a Trung tâm Học liệu Trường Đại học Cần Thơ | ||